Experimentaciones en vivienda estatal: la obra del Instituto de Crédito Territorial en Bogotá, 1964-1973

Este artículo analiza algunos proyectos de vivienda estatal construidos en Bogotá por el Instituto de Crédito Territorial (ICT), entre 1964 y 1973. En este período, partiendo de un cuestionamiento al proceder del ICT al momento de su llegada, un grupo de arquitectos reunidos en el Departamento de Di...

Full description

Bibliographic Details
Main Author: Goossens, Maarten
Other Authors: Gómez Meneses, Jaime Enrique
Format: Analitica de revista
Language:Spanish
Published: Santiago, Chile: Universidad de Chile, 2015.
Subjects:
Online Access:Acceso electrónico al documento

MARC

LEADER 00000cab a2200000 a 4500
001 042315
003 UAHC_CL
005 20200107113345.0
008 031122s2015 cl 000 spa
952 |0 0  |1 0  |4 0  |6 REVISTA_INVI84_15_000000000000000  |7 0  |8 COMP  |9 78994  |a BC  |b BC  |c Hemeroteca  |d 2017-08-03  |l 0  |o REVISTA INVI-84//15  |r 2019-01-08 00:00:00  |w 2017-08-03  |y REVA 
999 |c 42315  |d 42315 
040 |a UAHC_CL  |c UAHC_CL  |d UAHC_CL 
100 |a Goossens, Maarten  |9 10307 
245 1 0 |a Experimentaciones en vivienda estatal:  |b la obra del Instituto de Crédito Territorial en Bogotá, 1964-1973   |c Maarten Goossens y Jaime Enrique Gómez Meneses. 
260 |a Santiago, Chile:  |b Universidad de Chile,  |c 2015. 
300 |a pp. 121-148 
500 |a En: Revista INVI, no. 84, 2015. p. 121-148. 07181299. 
520 |a Este artículo analiza algunos proyectos de vivienda estatal construidos en Bogotá por el Instituto de Crédito Territorial (ICT), entre 1964 y 1973. En este período, partiendo de un cuestionamiento al proceder del ICT al momento de su llegada, un grupo de arquitectos reunidos en el Departamento de Diseño de la entidad empezó una búsqueda por nuevas soluciones en aspectos como los trazados urbanos, la relación entre vivienda y espacio público, los sistemas constructivos y la flexibilidad de las viviendas. El artículo se apoya en planos inéditos y entrevistas con arquitectos que estuvieron vinculados al ICT durante el período estudiado. Concluye que en los proyectos analizados se materializó un proceso de investigación y reflexión continuo que arrojó aportes valiosos al desarrollo de la vivienda estatal en Colombia. 
650 0 |a Viviendas sociales  |z Colombia  |9 9587 
650 0 |a Política habitacional   |z Colombia  |9 9588 
700 |a Gómez Meneses, Jaime Enrique  |9 10308 
856 |u http://www.revistainvi.uchile.cl/index.php/INVI/article/view/872  |y Acceso electrónico al documento 
900 |a REVISTA INVI-84//15 
942 |c REVA